Professional football player, Baltimore Ravens and mathematician, MIT /

John Urschel is a Mathematician based out of the Massachusetts Institute of Technology. You may also recognize him from his "other" job, professional football player for the Baltimore Ravens. John splits his time between Baltimore and New England.

Bibliographic Details
Format: Video
Language:English
Language Notes:In English.
Published: United States : CandidCareer.com, 2017.
Subjects:
Online Access:Connect to this streaming video (Alexander Street Press)

MARC

Tag First Indicator Second Indicator Subfields
LEADER 00000cgm a2200000Mi 4500
001 in00005570039
006 m o c
007 cr |n||||||||a
007 vz |za|z|
008 180427s2017 xxu002 e o vleng d
005 20241201231904.3
035 |a (OCoLC)on1035395451 
040 |a ALSTP  |b eng  |e rda  |e pn  |c ALSTP  |d OCLCO  |d OCLCF  |d OCLCQ  |d WYU  |d S9I  |d CAUOI  |d OCL  |d OCLCO  |d UPM  |d OCLCO  |d OCLCA  |d OCL  |d OCLCO 
019 |a 1373434912 
035 |a (OCoLC)1035395451  |z (OCoLC)1373434912 
049 |a TXAM 
245 0 0 |a Professional football player, Baltimore Ravens and mathematician, MIT /  |c [produced by] CandidCareer.com. 
264 1 |a United States :  |b CandidCareer.com,  |c 2017. 
300 |a 1 online resource (2 min.) 
306 |a 000202 
336 |a two-dimensional moving image  |b tdi  |2 rdacontent 
337 |a computer  |b c  |2 rdamedia 
337 |a video  |b v  |2 rdamedia 
338 |a online resource  |b cr  |2 rdacarrier 
347 |a video file  |2 rda 
380 |a Videorecording 
500 |a Title from resource description page (viewed April 27, 2018). 
520 |a John Urschel is a Mathematician based out of the Massachusetts Institute of Technology. You may also recognize him from his "other" job, professional football player for the Baltimore Ravens. John splits his time between Baltimore and New England. 
546 |a In English. 
610 2 0 |a Baltimore Ravens (Football team)  |v Job descriptions. 
610 2 0 |a Massachusetts Institute of Technology  |v Job descriptions. 
610 2 7 |a Baltimore Ravens (Football team)  |2 fast  |0 (OCoLC)fst00718760 
610 2 7 |a Massachusetts Institute of Technology.  |2 fast  |0 (OCoLC)fst00529464 
650 0 |a Football players. 
650 0 |a Mathematicians. 
650 6 |a Mathématiciens. 
650 7 |a Football players.  |2 fast  |0 (OCoLC)fst00931425 
650 7 |a Mathematicians.  |2 fast  |0 (OCoLC)fst01012154 
655 2 |a Interview 
655 7 |a interviews.  |2 aat 
655 7 |a Interviews.  |2 fast  |0 (OCoLC)fst01423832 
655 7 |a Educational films.  |2 fast  |0 (OCoLC)fst01726235 
655 7 |a Job descriptions.  |2 fast  |0 (OCoLC)fst01423834 
655 7 |a Educational films.  |2 lcgft 
655 7 |a Job descriptions.  |2 lcgft 
655 7 |a Interviews.  |2 lcgft 
655 7 |a Films éducatifs.  |2 rvmgf 
655 7 |a Descriptions d'emploi.  |2 rvmgf 
655 7 |a Interviews.  |2 rvmgf 
710 2 |a CandidCareer.com,  |e production company. 
856 4 0 |u http://proxy.library.tamu.edu/login?url=https://www.aspresolver.com/aspresolver.asp?MARC;3924283  |z Connect to this streaming video (Alexander Street Press)  |t 0 
955 |a Alexander Street Press subscription streaming video 
994 |a 92  |b TXA 
999 f f |s 8c411f3a-e088-4f1d-bde3-c56c884b99a8  |i d0cda9f9-67e6-4c52-a953-20ac9a5dd857  |t 0 
952 f f |a Texas A&M University  |b College Station  |c Electronic Resources  |d Available Online  |t 0  |h Library of Congress classification 
998 f f |t 0  |l Available Online